000 00687nam a2200217Ia 4500
005 20260406081132.0
008 260406s9999 xx 000 0 und d
022 _a2950-2535
041 _aeng
245 0 _aAJO International
264 1 _aUnited States:
_bElsevier,
_c2024.
336 _2rdacontent
_atext
_btxt
337 _2rdamedia
_acomputer
_bc
338 _2rdacarrier
_aonline resource
_bcr
540 _fCC BY, CC BY-NC, CC BY-NC-ND
653 _aOphthalmology
710 2 _aThe Directory of Open Access Journals
856 _uhttps://doaj.org/toc/6995410c269a4eb2910ce81655e5d07a
856 _uhttps://www.sciencedirect.com/journal/ajo-international
942 _cE-JOURNAL
999 _c99548
_d99545